| 000 | 00979nam a22003137a 4500 | ||
|---|---|---|---|
| 003 | CHAP | ||
| 005 | 20220329134226.0 | ||
| 008 | 971013s1975 enk r 00010 eng d | ||
| 010 | _a17250 | ||
| 011 | _a18222 | ||
| 035 | _a22307 | ||
| 040 | _cCHAP | ||
| 082 | 0 | 4 |
_a925 _bB5 1975 |
| 245 | 0 | _aBiographical encyclopedia of science and technology ; the lives and achievements of 1195 great scientists... | |
| 250 | _aRev. ed. | ||
| 260 |
_aLondon : _bPan Books, _c1975 |
||
| 300 | _a805 p. | ||
| 490 | _aPan reference books | ||
| 590 |
_aBATCH-UPD _b10 _c20130110 _lUCH01 _h1011 |
||
| 590 |
_aBATCH-UPD _b10 _c20130410 _lUCH01 _h0619 |
||
| 590 |
_aBATCH-UPD _b10 _c20130914 _lUCH01 _h0419 |
||
| 590 |
_aCONVERSION _b10 _c20130109 _lUCH01 _h1311 |
||
| 650 | 1 | 4 |
_aCientĂficos _xBiografĂa. _923249 |
| 700 | 0 |
_aAsimov, Isaac. _97955 |
|
| 830 | 0 |
_aPan reference books _985049 |
|
| 901 | _aBK | ||
| 942 | _cLIBRO | ||
| 949 |
_a925 B5 1975 _bBC _cC _d33724000612925 _eC _h43664 _i22307 _mD _si |
||
| 999 |
_c17250 _d17250 |
||